Statistics for Translate: Love

Click here to take the quiz!

General Stats

  • This quiz has been taken 12 times
  • The average score is 11 of 26

Answer Stats

LanguageTranslation% Correct
EnglishLove
88%
GermanLiebe
75%
ItalianAmore
50%
SwedishKärlek
50%
DutchLiefde
50%
BasqueMaitasuna
50%
PolishMiłość
50%
HawaiianAloha
38%
TurkishAşk
38%
WelshCariad
38%
RomanianDragoste
38%
YorubaIfe
38%
MalteseImħabba
38%
OromoJaalala
38%
QuechuaKuyay
38%
LithuanianMeilė
38%
CzechMilovat
38%
UzbekSevgi
38%
AzerbaijaniSevgi
38%
JavaneseTresna
38%
KinyarwandaUrukundo
38%
XhosaUthando
38%
ZuluUthando
38%
VietnameseYêu
38%
FaroeseKærleiki
25%
NiueanLoto Fakaalofa
25%

Score Distribution

Percentile by Number Answered

Percent of People with Each Score

Your Score History

You have not taken this quiz